Top 20 Longest Official Country Names - Statistics

General Stats
  • This quiz has been taken 2,651 times
  • The average score is 11 of 24
Answer Stats
letters country % Correct
45 {United} {Kingdom} of Great Britain and Northern Ireland
91%
32 Democratic People's Republic of {Korea} [N{orth} {Korea}]
76%
28 Democratic Republic of the C{ongo}
74%
29 Bolivarian Republic of V{enezuela}
60%
27 Federated States of {Micronesia}
56%
25 Islamic Republic of P{akistan}
56%
26 Socialist Republic of V{ietnam}
56%
27 Islamic Emirate of A{fghanistan}
49%
28 {Lao} People's Democratic Republic [L{aos}]
49%
35 Federal Democratic Republic of E{thiopia}
46%
27 Republic of T{rinidad} and {Tobago}
45%
27 Principality of L{iechtenstein}
43%
27 Plurinational State of B{olivia}
42%
38 Democratic Republic of S{ão} {Tomé} and {Principe}
39%
41 Independent and Sovereign Republic of K{iribati}
39%
32 Independent State of P{apua} {New} {Guinea}
39%
28 S{aint} {Vincent} and the {Grenadines}
36%
27 Islamic Republic of M{auritania}
32%
27 Republic of the Union of M{yanmar} [{Burma}]
32%
27 People's Republic of B{angladesh}
28%
30 Democratic Republic of T{imor}-{Leste} [{East} {Timor}]
27%
31 Federal Democratic Republic of N{epal}
27%
27 Co-operative Republic of G{uyana}
23%
27 Republic of the M{arshall} {Islands}
19%
No matching quizzes found
Score Distribution
Percent of People with Each Score
Percentile by Number Answered
Your Score History
You have not taken this quiz